000 01104nam a2200265Ia 4500
003 OSt
005 20221005105459.0
006 a|||||r|||| 00| 0
007 ta
008 221004b |||||||| |||| 00| 0 san d
020 _a9788193859117 (hbk)
_cINR 600.00
024 _a66024
037 _b343, 07/03/2020, Eastern Book Linkers
_cTextual
040 _aCRL
_cCRL
_bsan
041 _2san
_asan
082 _aO15:g(Q23:31), 152Q9
100 _aसिंह, कुमार विमल मोहन, ले.
_9623913
245 0 _aसंस्कृत साहित्य में शिव और संगीत
246 _aSanskṛut sāhitya mean shiv aur sangīta
260 _aनई दिल्ली
_bमहारानी पब्लिशिंग हाउस भारत
_c2019
300 _a188पृ0
_ccm.
650 _aसंस्कृत साहित्य
942 _hO15:g(Q23:31), 152Q9
_cTEXL
_2cc
999 _c1015966
_d1015966